Finland's ice hockey SM-Liiga teams - Statistics

General Stats
  • This quiz has been taken 950 times
  • The average score is 14 of 15
Answer Stats
City Answer % Correct
Tampere Tappara
99%
Tampere Ilves
98%
Oulu Kärpät
98%
Turku TPS
98%
Pori Ässät
97%
Helsinki HIFK
96%
Rauma Lukko
96%
Lahti Pelicans
96%
Jyväskylä JYP
94%
Mikkeli Jukurit
93%
Vaasa Sport
93%
Hämeenlinna HPK
92%
Kuopio KalPa
92%
Kouvola KooKoo
92%
Lappeenranta SaiPa
92%
No matching quizzes found
Score Distribution
Percent of People with Each Score
Percentile by Number Answered
Your Score History
You have not taken this quiz